Contentious probate claims : the law and procedure

Bibliographic Details
Main Authors: Francis, Andrew (Author), Marten, Hedley (Author)
Format: Book
Language:English
Published: London : Thomson , c2004
Subjects:

MARC

LEADER 00000cam a2200000 7i4500
001 0000006027
005 20150311093000.0
008 021119s2004 enk eng
020 |a 0421849401 
050 0 0 |a d9 KD1518.Z9   |b F73 2004 
090 0 0 |a d9 KD1518.Z9   |b F73 2004 
100 1 |a Francis, Andrew ,   |e author 
245 1 0 |a Contentious probate claims :   |b the law and procedure   |c Andrew Francis, Hedley Marten 
260 |a London :   |b Thomson ,   |c c2004 
300 |a xxx, 469 p. ;   |c 22 cm. 
504 |a Includes index 
650 0 |a Probate law and practice   |z Great Britain 
700 1 |a Marten, Hedley ,   |e author 
999 |a 1000105505   |b Book   |c Reference   |e Gong Badak Campus